La migración a Estados Unidos y la frontera noroeste de México (Record no. 132515)
[ view plain ]
| 000 -LEADER | |
|---|---|
| fixed length control field | 01021nam a22002537a 4500 |
| 005 - DATE AND TIME OF LATEST TRANSACTION | |
| control field | 20170425122130.0 |
| 008 - FIXED-LENGTH DATA ELEMENTS--GENERAL INFORMATION | |
| fixed length control field | 170425b mx ||||| |||| 00| 0 spa d |
| 020 ## - INTERNATIONAL STANDARD BOOK NUMBER | |
| International Standard Book Number | 9789708190350 |
| 050 04 - LIBRARY OF CONGRESS CALL NUMBER | |
| Classification number | E184.M5 |
| Item number | M54 2007 |
| 245 03 - TITLE STATEMENT | |
| Title | La migración a Estados Unidos y la frontera noroeste de México |
| Statement of responsibility, etc | / coordinadora Socorro Arzaluz Solano |
| 250 ## - EDITION STATEMENT | |
| Edition statement | 1a ed. |
| 260 ## - PUBLICATION, DISTRIBUTION, ETC. (IMPRINT) | |
| Place of publication, distribution, etc | Tijuana, Baja California : |
| Name of publisher, distributor, etc | El Colegio de la Frontera Norte |
| 260 ## - PUBLICATION, DISTRIBUTION, ETC. (IMPRINT) | |
| Name of publisher, distributor, etc | Miguel Ángel Porrúa, |
| Date of publication, distribution, etc | 2007. |
| 300 ## - PHYSICAL DESCRIPTION | |
| Extent | 245 p. : |
| Other physical details | il. ; |
| Dimensions | 21 cm. |
| 490 0# - SERIES STATEMENT | |
| Series statement | Las ciencias sociales. Segunda década. |
| 504 ## - BIBLIOGRAPHY, ETC. NOTE | |
| Bibliography, etc | Incluye bibliografía |
| 650 #4 - SUBJECT ADDED ENTRY--TOPICAL TERM | |
| Topical term or geographic name as entry element | Mexicanos |
| Geographic subdivision | Estados Unidos |
| 651 #4 - SUBJECT ADDED ENTRY--GEOGRAPHIC NAME | |
| Geographic name | México |
| General subdivision | Emigración e inmigración |
| -- | Aspectos económicos |
| 651 #4 - SUBJECT ADDED ENTRY--GEOGRAPHIC NAME | |
| Geographic name | México |
| General subdivision | Emigración e inmigración |
| -- | Aspectos sociales |
| 651 #4 - SUBJECT ADDED ENTRY--GEOGRAPHIC NAME | |
| Geographic name | Estados Unidos |
| General subdivision | Emigración e inmigración |
| -- | Aspectos económicos |
| 651 #4 - SUBJECT ADDED ENTRY--GEOGRAPHIC NAME | |
| Geographic name | México |
| General subdivision | Emigración e inmigración |
| -- | Aspectos sociales |
| 700 1# - ADDED ENTRY--PERSONAL NAME | |
| Personal name | Arzaluz Solano, Socorro, |
| Relator term | coordinadora |
| 942 ## - ADDED ENTRY ELEMENTS (KOHA) | |
| Source of classification or shelving scheme | Biblioteca del Cogreso de los Estados Unidos |
| Koha item type | Libro |
| Estado de pérdida | Fuente de clasificación | Estado del daño | No para préstamo | Ubicación permanente | Ubicación actual | Apartado o colección | Fecha de adquisición | Fuente de adquisición | Edición | Área del conocimiento | Clasificación | Código de Barras | Date last seen | Número de copia | Tipo de recurso |
|---|---|---|---|---|---|---|---|---|---|---|---|---|---|---|---|
| Biblioteca del Cogreso de los Estados Unidos | Biblioteca de la Unidad de Ciencias Ingeniería y Humanidades | Biblioteca de la Unidad de Ciencias Ingeniería y Humanidades | Colección "Miguel Ángel Porrúa" | 25/04/2017 | Donación | 1a ed. | Ciencias Sociales y Administrativas | E184.M5 M54 2007 | BCU000018315 | 25/04/2017 | 1 | Libro |